000 00635nam a22001817a 4500
005 20251108165320.0
008 250721s1966 xx 000 0 ara d
082 1 4 _a956.612/ابر
100 1 _aإبن عيسى، إبراهيم بن صالح
245 1 0 _aتاريخ بعض الحوادث الواقعه في نجد و وفيات بعض الأعيان و أنسابهم و بناء بعض البلدان من 700ه- 1340ه /
264 1 _aالرياض :
_bدار اليمامه،
_c1966.
300 _a352ص
650 1 7 _aالسعودية
650 1 7 _aالتاريخ
650 1 7 _aنجد
942 _2ddc
_cBK
999 _c24897
_d24897